Nový pohled na centrální bankovnictví, cílová inflace i finanční dohled

Rozhovor s novým guvernérom Českej národnej banky Jiřím Rusnokom, o problematike nielen tuzemskej ekonomiky.

Gespeichert in:
Bibliographische Detailangaben
1. Verfasser: Houdek, Tomáš
Weitere Verfasser: Rusnok, Jiří
Format: Buchkapitel
Sprache:Tschechisch
Schlagworte:
Tags: Tag hinzufügen
Keine Tags, Fügen Sie das erste Tag hinzu!

MARC

LEADER 00000naa a2200000 4500
001 0227092
005 20221104110527.3
041 0 |a cze 
044 |a CZ 
245 1 0 |a Nový pohled na centrální bankovnictví, cílová inflace i finanční dohled  |c Tomáš Houdek, Jiří Rusnok 
520 |a Rozhovor s novým guvernérom Českej národnej banky Jiřím Rusnokom, o problematike nielen tuzemskej ekonomiky. 
610 2 0 |a rozhovor 
610 2 0 |a riadenie vrcholové 
610 2 0 |a guvernéri 
610 2 0 |a banky centrálne 
610 2 0 |a dohľad bankový 
610 2 0 |a stabilita finančná 
610 2 0 |a nástroje bankové 
610 2 0 |a regulácia 
100 1 |a Houdek, Tomáš 
700 1 |a Rusnok, Jiří